Rockabye - Clean Bandit ft. Sean Paul & Anne-Marie (Missing Lyrics) - Statistics

General Stats
  • This quiz has been taken 247 times
  • The average score is 34 of 64
Answer Stats
Lyrics Missing Lyrics % Correct
She just wants a life for her ___ baby
87%
Chorus So, ___ baby, ___ rockabye
85%
Rockabye baby, don't you ___ cry
84%
She's gonna stress, so far away from her ___'s daughter father
84%
Rockabye ___, rockabye baby
83%
I'm gonna give you all of my ___ love
83%
Rockabye baby, don't you ___ cry
82%
You're gonna grow and have a ___ life good
82%
I'm gonna ___ you rock
81%
I'm gonna ___ what I've got to do" (stay up there, stay up there) do
80%
No one's ever gonna ___ you, love hurt
80%
She tells him "your ___ ain't gonna be nothing like my life (straight) life
80%
I'm gonna ___ you rock
79%
She ___ him "ooh love" tells
77%
___'s got you Somebody
76%
She's got to ___ him (daily struggle) save
70%
Verse 2 Now she gotta a ___ year old six
68%
Nobody ___ like you (stay up there, stay up there) matters
67%
For all the ___ mums out there single
66%
Rap 2 Single mom what you doing out ___? there
66%
When he looks her in the ___ eyes
65%
I'm gonna give you all of ___ love my
64%
"Ooh love", no one's ever ___ hurt you, love gonna
63%
Trying to keep him ___ warm
63%
___ matters like you Nobody
61%
Chorus (So rockabye ___, rockabye) baby
60%
___ ___, Sean-Da-Paul, Anne-Marie, sing, make them hear Clean Bandit
60%
All on her own, no one will ___ come
60%
Verse 1 She works the ___, by the water nights
60%
A special bond of ___, hah creation
57%
Rap 1 Call it love and ___ devotion
57%
Trying to keep all the ___ cold
56%
He don't know he's ___ when she says safe
55%
And no mamma you never shed ___ tear
52%
Call it the ___'s adoration mom
48%
Facing the ___ life without no fear hard
45%
Verse 3 Now she gotta ___ year old six
45%
When he looks her in the ___ eyes
44%
'Cause any obstacle come you well ___ prepared
44%
Trying to keep him ___ warm
44%
'Cause you haffi set things ___ after year year
44%
Going trough ___ frustration
43%
No one's ever gonna ___ you, love hurt
43%
I'm gonna give you all of my ___ love
43%
Trying to keep all the ___ cold
41%
She ___ him "ooh love" tells
41%
You find the school fee and the ___ fare bus
40%
She tells him "your ___ ain't gonna be nothing like my life (straight) life
40%
You're gonna grow and have a ___ life good
39%
Chorus (So ___ baby, ___) rockabye
39%
He don't know he's ___ when she says safe
38%
I'm gonna ___ what I've got to do" (yeah) do
37%
Nobody ___ like you (stay up there, stay up there) matters
37%
Lift up your ___, lift it up to the sky, yo head
29%
No ___ no time fi a jeer time
25%
Hmmmm more when paps ___ disappear
23%
Rap 3 Rockabye don't ___ cry bother
20%
Rockabye don't ___ cry bother
18%
And you give the ___ love beyond compare youth
17%
Just ___ and know that you really care see
16%
Steadily you work flow, heavily you know so you nah ___ stop
15%
In a wrong ___ can't find him nowhere bar
14%
Rap 3 (Rockabye don't ___ cry) bother
13%
___ around you, just joy your eye Angels
10%
No matching quizzes found
Score Distribution
Percent of People with Each Score
Percentile by Number Answered
Your Score History
You have not taken this quiz